Социология управления: учебник

Dettagli Bibliografici
Ente Autore: Российская Академия Государственной службы при Президенте РФ (РАГС)
Altri autori: Бойков В. Э. (редактор)
Riassunto:В учебнике изложены теоретико-методологические, методические и прикладные аспекты социологии управления. Его цели — определение специфики социологического подхода в изучении социального управления, уточнение объекта, предмета, функций, задач и основных категорий социологии управления. Ряд глав посвящен социологическому анализу социального управления на различных уровнях организации общества (в регионах, производственных коллективах и др.), рассмотрению принципов и алгоритмов социального управления, социологических критериев и показателей эффективности управленческой деятельности. Издание адресовано преподавателям, аспирантам, студентам и практическим работникам, занятым управленческой деятельностью.
Lingua:russo
Pubblicazione: Москва, РАГС, 2006
Serie:Учебники Российской академии государственной службы при Президенте Российской Федерации
Soggetti:
Natura: MixedMaterials Libro
KOHA link:https://koha.lib.tpu.ru/cgi-bin/koha/opac-detail.pl?biblionumber=121271

MARC

LEADER 00000nam0a2200000 4500
001 121271
005 20231101215651.0
010 |a 5772901761 
035 |a (RuTPU)RU\TPU\book\131341 
090 |a 121271 
100 |a 20070912d2006 m y0rusy50 ca 
101 0 |a rus 
102 |a RU 
105 |a y j 001zy 
200 1 |a Социология управления  |e учебник  |f Российская академия государственной службы при Президенте РФ; под ред. В. Э. Бойкова 
210 |a Москва  |c РАГС  |d 2006 
215 |a 336 с. 
225 1 |a Учебники Российской академии государственной службы при Президенте Российской Федерации 
320 |a Глоссарий: с. 323-333. 
320 |a Библиография в конце глав. 
330 |a В учебнике изложены теоретико-методологические, методические и прикладные аспекты социологии управления. Его цели — определение специфики социологического подхода в изучении социального управления, уточнение объекта, предмета, функций, задач и основных категорий социологии управления. Ряд глав посвящен социологическому анализу социального управления на различных уровнях организации общества (в регионах, производственных коллективах и др.), рассмотрению принципов и алгоритмов социального управления, социологических критериев и показателей эффективности управленческой деятельности. Издание адресовано преподавателям, аспирантам, студентам и практическим работникам, занятым управленческой деятельностью. 
606 1 |a Социология управления  |2 stltpush  |3 (RuTPU)RU\TPU\subj\69555  |9 84357 
610 1 |a социология 
610 1 |a управление 
610 1 |a социальное управление 
610 1 |a теория 
610 1 |a методология 
610 1 |a производство 
610 1 |a государственное управление 
610 1 |a социальные конфликты 
610 1 |a общественное мнение 
610 1 |a мониторинг 
610 1 |a учебники 
686 |a С55.373я73  |v LBC/SL-A  |2 rubbk 
702 1 |a Бойков  |b В. Э.  |4 340 
712 0 2 |a Российская Академия Государственной службы при Президенте РФ (РАГС)  |c (Москва)  |2 stltpush  |3 (RuTPU)RU\TPU\col\921 
801 1 |a RU  |b 63413507  |c 20070912  |g PSBO 
801 2 |a RU  |b 63413507  |c 20140527  |g PSBO 
942 |c BK 
959 |a 55/20070911  |d 2  |e 339,35  |f АНЛ:1  |f ЧЗГЛ:1